KOHA-Header-6

Building Enterprise Information Architectures:peengineering Information System (Record no. 6474)

000 -LEADER
fixed length control field 00312nam a2200109Ia 4500
100 ## - MAIN ENTRY--AUTHOR NAME
Personal name Cook,Melissa A.
245 #0 - TITLE STATEMENT
Title Building Enterprise Information Architectures:peengineering Information System
260 ## - PUBLICATION, DISTRIBUTION, ETC. (IMPRINT)
Place of publication London
Name of publisher Addison
Year of publication 1996
300 ## - PHYSICAL DESCRIPTION
Number of Pages 193
942 ## - ADDED ENTRY ELEMENTS (KOHA)
Koha item type Books
Holdings
Withdrawn status Lost status Collection code Permanent Location Current Location Shelving location Date acquired Full call number Accession Number Koha item type
    Electrical Engineering MAJU MAJU Shelf No.A25 2019-09-07 332.645 3216 Electrical Engineering

Powered by Koha